000 00902nam a2200265 i 4500
001 bg
100 1 _aWalusiak, Stanisław.
245 1 0 _aPracownia konstrukcji elektronicznych :
_bpodstawy teoretyczne i przykłady rozwiązań praktycznych /
_cStanisław Walusiak, Marek A. Jakubowski ; pod red. Klaudiusza Lenika ; Politechnika Lubelska.
260 _aLublin :
_bWydaw. PL,
_c1999.
300 _a308 s. :
_bil. ;
_c24 cm.
504 _aBibliogr., wykaz aktów prawnych.
650 9 _aElektronika
_xurządzenia
_xkonstrukcje
650 9 _aUkłady elektroniczne
655 _aPodręczniki akademickie
700 1 _aJakubowski, Marek A.
700 1 _aLenik, Klaudiusz.
_eRed.
710 0 _aPolitechnika Lubelska
020 _a8388110756
040 _cBPK
041 0 _apl
080 _a621.38(075.8)
920 _a83-88110-75-6
942 _cKS
008 s pl f |000 0 pol
999 _c38463
_d38463
856 _uhttp://koha.tu.koszalin.pl/cgi-bin/koha/opac-detail.pl?biblionumber=38463
_yKatalog online BPK